1992 1585 1903 1873 1714 1983 1973 1287 1467 1905 1494 1184 1986 1987 1333 1111 1458 1176 1489 1648 1945 1787 1161 1748 1149 1524 1999 1492 1230 1317 1785 1889 1124 1604 1114 1816 1883 1977 1676 1672 1375 1469 1903 1358 1439 1697 1104 1466 1650 1843 1322 1824 1261 1248 1524 1762 1114 1273 1191 1151 1307 1853 1434 1641 1389 1848 1141 1917 1471 1339 1084 1895 1332 1216 1800 1153 1215 1518 1325 1733 1642 1427 1252 1186 1508 1719 1628 1791 1782 1484 1374 1689 1643 1239 1366 1683 1553 1793 1453 BCNSPRNW ULIB Ver.6.0+V

เปลี่ยนเป็นภาษาไทย

Change to English
 แสดงรายละเอียดบรรณานุกรม
  กลับหน้าหลัก

Brief Record : Get Marc (ISO 2709) : E-mail record : QR code < ปิดหน้าต่าง
LEADER : 00000nam 2200000uu 4500
001    13399112261
003     ULIB
008    110802s2552||||th 000 0 tha d
020    9786167115016
050  4 BF1486.T5^bอ598ป 2552
100 0  อาจอง ชุมสาย ณ อยุธยา
245 10 เปิดความคิดชีวิตอัจฉริยะ /^cเรื่อง, อาจอง ชุมสาย ณ อยุธยา; เรียบเรียง, ร่มไม้
250    พิมพ์ครั้งที่ 2
260    กรุงเทพฯ :^bฟรีมายด์,^c2552
300    215 หน้า :^bภาพประกอบ ;^c21 ซม.
600 07 อาจอง ชุมสาย ณ อยุธยา,^d2483-
650  7 ธรรมชาติ^xผลกระทบสิ่งแวดล้อม
650  7 นักวิทยาศาสตร์^zไทย^vชีวประวัติ
650  7 วิทยาศาสตร์^vรวมเรื่อง
650  7 มนุษย์^xผลกระทบสิ่งแวดล้อม
650  7 ศาสนากับวิทยาศาสตร์
653    Open Your Eyes Project
700 0  ร่มไม้
945    ^p195^l0^i17807
945    ^p195^l0^i18587
995     เกษร
999    ^aใช้งานได้ทุกระบบ
รายการนี้ยังไม่มีแท็ก
คุณยังไม่ได้ล็อกอิน คุณสามารถมีกิจกรรมร่วมกับเว็บไซต์ได้ แต่ต้องล็อกอินก่อน ::
  ล็อกอิน

รายการสื่อสารสนเทศ

ลำดับที่ ประเภท เลขเรียก/บาร์โค้ด สถานที่ สถานะ
1. วิทยาศาสตร์การแพทย์ และสุขภาพ
วิทยาศาสตร์การแพทย์ และสุขภาพ
BF1486.T5 อ598ป 2552 ฉ.2 
  Barcode: 18587
ห้องสมุดวิทยาเขตสวรรค์ประชารักษ์
►หนังสือทั่วไป
บนชั้น

รายการใกล้เคียง
    ผู้แต่ง [อาจอง ชุมสาย ณ อยุธยา]

    หัวเรื่อง [ศาสนากับวิทยาศาสตร์]

BibComment


ยังไม่เคยถูกคอมเมนท์

คอมเมนท์ทรัพยากรรายการนี้
  คอมเมนท์: เปิดความคิดชีวิตอ..


 Copyright 2026. Bcnsprnw @Library